000
00315nam a22001457a 4500
008
230616b ||||| |||| 00| 0 eng d
020
_a
9780321816962
041
_a
eng
080
_a
51
082
_a
51McW
100
_a
23
101
_a
MATEM
245
_a
PRECALCULUS ESSENTIALS
_c
McWATERS.R
942
_2
udc
_c
BK
999
_c
60000
_d
60000